000
00431nam a2200133Ia 4500
008
100328s9999 xx 000 0 und d
082
_b
7210
100
_a
अळतेकर सदाशिव खंडो
245
_a
श्री समर्थ चरित्र
260
_b
---
630
_a
श्री समर्थ चरित्र
730
_a
श्री समर्थ चरित्र
942
_c
BOOK
999
_c
503052
_d
503049